| 000 | 00984nam a2200277Ia 4500 | ||
|---|---|---|---|
| 003 | OSt | ||
| 005 | 20220923211133.0 | ||
| 006 | a|||||r|||| 00| 0 | ||
| 007 | ta | ||
| 008 | 220922b |||||||| |||| 00| 0 hin d | ||
| 020 |
_a8185469733 (hbk) _c60 |
||
| 024 | _a235,385 | ||
| 037 |
_b416, 28/02/2008, University Book House _cTextual |
||
| 040 |
_aARTS _cARTS _bhin |
||
| 041 |
_2hin _ahin |
||
| 082 | _aO152,3N58x, N6 | ||
| 100 |
_aदेवेन्द्र _9158622 |
||
| 245 | 0 | _aशहर कोतवाल की कविता | |
| 246 | _aShahar kotavāl kī kavitā | ||
| 260 |
_aपंचकूला _b आधार प्रकाशन _c1996 |
||
| 300 |
_a118पृ. _ccm. |
||
| 490 | _aआधार कहानी संग्रह - 5 | ||
| 650 |
_aहिन्दी साहित्य _9156264 |
||
| 942 |
_hO152,3N58x, N6 _cTEXL _2CC |
||
| 999 |
_c295794 _d295794 |
||